[Event "13sen.WMH 2003 Senioren"]
[Site "Bad Zwischenahn(17.11.-29.11.2003)"]
[Date "2003.11.29"]
[Round "6.14"]
[White "Lieb, Harald"]
[Black "Fahnenschmidt, Gerhard,Dr."]
[Result "1-0"]
[WhiteElo "2273"]
[BlackElo "2087"]
[PlyCount "91"]


1. Nf3 c5 2. g3 Nc6 3. Bg2 e5 4. d3 d5 5. O-O Be7 6. c4 d4 7. e3 Bg4 8. h3 Be6
9. exd4 exd4 10. Re1 h5 11. Nbd2 h4 12. g4 Nh6 13. Ne4 Nxg4 14. hxg4 h3 15. Bh1
Bxg4 16. Bf4 Kf8 17. Qd2 Qd7 18. Ne5 Nxe5 19. Bxe5 Rh6 20. Kh2 Re8 21. Bf4 Re6
22. Ng3 g5 23. Rxe6 Qxe6 24. Bxg5 Bd6 25. Bh6+ Kg8 26. Qg5+ Qg6 27. Qxg6+ fxg6
28. Be4 Kh7 29. Bg5 Rf8 30. Kg1 b6 31. Rf1 Bxg3 32. fxg3 h2+ 33. Kg2 Bh3+ 34.
Kxh3 Rxf1 35. Kxh2 Rf2+ 36. Kh3 Rxb2 37. a4 Ra2 38. Kg4 Rxa4 39. Bf4 b5 40.
cxb5 c4 41. Kg5 c3 42. Kf6 Rb4 43. Bxg6+ Kh8 44. Kf7 Rxb5 45. Be4 c2 46. Bh6
1-0

[Event "13sen.WMH 2003 Senioren"]
[Site "Bad Zwischenahn(17.11.-29.11.2003)"]
[Date "2003.11.29"]
[Round "6.15"]
[White "Potthammel, Joerg"]
[Black "Zoltek, Tadeuz"]
[Result "1/2-1/2"]
[WhiteElo "1972"]
[BlackElo "2294"]
[PlyCount "57"]


1. e4 Nf6 2. e5 Nd5 3. d4 d6 4. c4 Nb6 5. exd6 cxd6 6. h3 g6 7. Nf3 Bg7 8. Be2
O-O 9. Nc3 Nc6 10. O-O Bf5 11. Bf4 e5 12. Bg5 Bf6 13. Bxf6 Qxf6 14. d5 Nb4 15.
Rc1 Na6 16. a3 Rfc8 17. Nd2 Qh4 18. b4 e4 19. Nb5 Qf4 20. Rc3 Bd7 21. Re3 f5
22. Nd4 Qe5 23. Qa1 Rc7 24. f4 Qg7 25. g4 Rac8 26. Rg3 fxg4 27. hxg4 h6 28. Ne6
Bxe6 29. dxe6 1/2-1/2

[Event "13sen.WMH 2003 Senioren"]
[Site "Bad Zwischenahn(17.11.-29.11.2003)"]
[Date "2003.11.29"]
[Round "6.16"]
[White "Zakharchenko, Arnold"]
[Black "Waisberg, Arnold"]
[Result "1-0"]
[WhiteElo "2331"]
[BlackElo "2014"]
[PlyCount "30"]


1. c4 e6 2. Nf3 b6 3. g3 Bb7 4. Bg2 g6 5. O-O Bg7 6. d4 Ne7 7. Nc3 d5 8. Bf4 c6
9. cxd5 exd5 10. Re1 O-O 11. e4 Nd7 12. e5 Re8 13. a4 c5 14. dxc5 bxc5 15. Qb3
Bc6 1-0

[Event "13sen.WMH 2003 Senioren"]
[Site "Bad Zwischenahn(17.11.-29.11.2003)"]
[Date "2003.??.??"]
[Round "6.17"]
[White "Taimanow, Mark"]
[Black "Bogorad, Michail"]
[Result "1/2-1/2"]
[WhiteElo "2382"]
[BlackElo "2063"]
[PlyCount "133"]


1. c4 c5 2. Nc3 Nc6 3. g3 g6 4. Bg2 Bg7 5. a3 d6 6. Rb1 a5 7. e4 h5 8. Nge2 h4
9. O-O hxg3 10. hxg3 Bg4 11. f3 Be6 12. d3 Qc8 13. Nd5 Bxd5 14. cxd5 Nd4 15.
Be3 Nxe2+ 16. Qxe2 Nf6 17. d4 b6 18. Rfc1 Qa6 19. Qxa6 Rxa6 20. Bf1 Ra8 21.
Bb5+ Kf8 22. Bc6 Rc8 23. g4 cxd4 24. Bxd4 Bh6 25. Rc3 Bf4 26. Bxb6 Kg7 27. Ba4
Rb8 28. Bc7 Rbc8 29. Bb6 Bh2+ 30. Kf2 Be5 31. Bxa5 Rh2+ 32. Ke3 Rch8 33. Kd3
Rf2 34. Kc4 Rc8+ 35. Bc6 Bxc3 36. Bxc3 Rxf3 37. g5 Rxc3+ 38. Kxc3 Nxe4+ 39. Kd4
Nxg5 40. b4 e5+ 41. Kc4 f5 42. b5 Ne4 43. Rb2 f4 44. b6 f3 45. b7 Rf8 46. Bd7
Rb8 47. a4 Nc5 48. a5 Kf6 49. Bh3 Kg5 50. Rb5 Kh4 51. Bf1 e4 52. Rxc5 Rxb7 53.
a6 Rb1 54. a7 Ra1 55. Rc7 e3 56. Re7 Kg3 57. Rxe3 Kf2 58. Rb3 Rxa7 59. Bd3 g5
60. Rb6 Rd7 61. Kb5 Rf7 62. Rxd6 g4 63. Rg6 g3 64. d6 g2 65. Be4 g1=Q 66. Rxg1
Kxg1 67. Bxf3 1/2-1/2

[Event "13sen.WMH 2003 Senioren"]
[Site "Bad Zwischenahn(17.11.-29.11.2003)"]
[Date "2003.11.29"]
[Round "6.20"]
[White "Ousatchi, Mark"]
[Black "Semasev, Kim"]
[Result "1/2-1/2"]
[WhiteElo "2041"]
[BlackElo "2269"]
[PlyCount "33"]


1. d4 Nf6 2. c4 g6 3. Nc3 Bg7 4. e4 O-O 5. Be3 d6 6. f3 Nbd7 7. Qd2 c6 8. g4 e5
9. d5 c5 10. Nge2 Ne8 11. h4 Qe7 12. h5 f6 13. hxg6 hxg6 14. Ng3 Kf7 15. Bd3
Nc7 16. O-O-O Rg8 17. Rh7 1/2-1/2

[Event "13sen.WMH 2003 Senioren"]
[Site "Bad Zwischenahn(17.11.-29.11.2003)"]
[Date "2003.11.29"]
[Round "6.22"]
[White "Rosen, Willy"]
[Black "Schlag, Franz"]
[Result "1-0"]
[WhiteElo "2222"]
[BlackElo "1976"]
[PlyCount "63"]


1. e4 Nc6 2. d4 e5 3. dxe5 Nxe5 4. Nf3 Qf6 5. Nxe5 Qxe5 6. Bd3 d5 7. f4 Qe6 8.
f5 Qf6 9. Nc3 Bb4 10. O-O Bxc3 11. bxc3 dxe4 12. Bxe4 Ne7 13. Be3 Qe5 14. Qd3
f6 15. Rad1 O-O 16. Qc4+ Kh8 17. Bf4 b5 18. Bxe5 bxc4 19. Bxc7 Ba6 20. Bxa8
Rxa8 21. Rd7 Nc6 22. Rd6 Bb5 23. Rb1 a6 24. Rxb5 axb5 25. Rxc6 Rxa2 26. Rb6 h5
27. Rxb5 Rxc2 28. Ba5 Re2 29. Rc5 Re4 30. Kf2 Kh7 31. Kf3 Re1 32. Rxc4 1-0

[Event "13sen.WMH 2003 Senioren"]
[Site "Bad Zwischenahn(17.11.-29.11.2003)"]
[Date "2003.11.29"]
[Round "6.23"]
[White "Niebling, Ferdinand"]
[Black "Kanko, Ilkka"]
[Result "1-0"]
[WhiteElo "2068"]
[BlackElo "2264"]
[PlyCount "151"]


1. e4 c5 2. Nc3 Nc6 3. f4 e6 4. Nf3 d5 5. Bb5 Nf6 6. d3 d4 7. Bxc6+ bxc6 8. Ne2
Be7 9. b3 O-O 10. O-O Nd7 11. Bd2 f5 12. Ng3 fxe4 13. Nxe4 Nf6 14. Qe2 Nd5 15.
Ne5 Bd7 16. a4 Qc7 17. Rae1 Rae8 18. Qg4 Bd6 19. Ba5 Qxa5 20. Nxd6 Nf6 21. Qh3
Re7 22. Nxd7 Rxd7 23. Qxe6+ Kh8 24. Nc4 Qc7 25. Re5 Nd5 26. g3 Rdf7 27. Rfe1
Rf6 28. Qh3 Qf7 29. R5e4 Rh6 30. Ne5 Qe8 31. Qd7 Qxd7 32. Nxd7 Rg8 33. Nxc5 Ne3
34. Re2 Rd6 35. Ne6 c5 36. Nxc5 g5 37. Ne6 gxf4 38. Nxf4 Rc8 39. Ng2 Nxc2 40.
Re8+ Rxe8 41. Rxe8+ Kg7 42. Re7+ Kg8 43. Rxa7 Rb6 44. Rc7 Nb4 45. Nf4 Na6 46.
Rc4 Rxb3 47. Rxd4 Nc5 48. Kg2 Rb2+ 49. Kh3 Ra2 50. Rd5 Nb3 51. Rd7 Rxa4 52. Nh5
h6 53. Nf6+ Kf8 54. Ng4 h5 55. Nf6 h4 56. g4 Nc5 57. Rh7 Nxd3 58. Kxh4 Ra5 59.
Rc7 Nf4 60. Kg3 Ne6 61. Rc3 Kf7 62. Ne4 Nd4 63. Rd3 Ra4 64. Ng5+ Kg6 65. Nf3
Ne2+ 66. Kh4 Nf4 67. Rd6+ Kg7 68. Ne5 Re4 69. Nd3 Ng2+ 70. Kg5 Ne3 71. Rd7+ Kf8
72. h3 Ke8 73. Ra7 Nd5 74. Kf5 Re3 75. Nf4 Ne7+ 76. Kf6 1-0

[Event "13sen.WMH 2003 Senioren"]
[Site "Bad Zwischenahn(17.11.-29.11.2003)"]
[Date "2003.11.29"]
[Round "6.30"]
[White "Fehres, Werner"]
[Black "Opl, Klaus,Dr."]
[Result "0-1"]
[WhiteElo "1788"]
[BlackElo "2258"]
[PlyCount "60"]


1. e4 e5 2. Nf3 Nc6 3. Bc4 Bc5 4. c3 Nf6 5. b4 Bb6 6. Qb3 O-O 7. d3 d6 8. h3
Ne7 9. a4 a6 10. Bg5 Ng6 11. g3 h6 12. Bc1 c6 13. Qc2 d5 14. Bb3 Be6 15. Ra3
Qd7 16. a5 Ba7 17. Ng1 dxe4 18. dxe4 Bxb3 19. Rxb3 c5 20. Be3 c4 21. Ra3 Bxe3
22. fxe3 Qc6 23. Nd2 Rad8 24. Ngf3 Rd3 25. Kf2 Rfd8 26. Rd1 Nxe4+ 27. Nxe4 Rxd1
28. Ra2 R8d3 29. Nc5 Rf1+ 30. Kxf1 Qxf3+ 0-1

[Event "13sen.WMH 2003 Senioren"]
[Site "Bad Zwischenahn(17.11.-29.11.2003)"]
[Date "2003.11.29"]
[Round "6.32"]
[White "Wagner, Carl[40USA]"]
[Black "Rychlik, Kurt"]
[Result "1/2-1/2"]
[WhiteElo "2099"]
[BlackElo "1868"]
[PlyCount "86"]


1. e4 c5 2. Nf3 d6 3. d4 cxd4 4. Nxd4 Nf6 5. Nc3 a6 6. Bg5 e6 7. f4 h6 8. Bh4
Qb6 9. Qd2 Qxb2 10. Nb3 Qa3 11. Bxf6 gxf6 12. Be2 h5 13. O-O Nc6 14. Kh1 h4 15.
h3 Bd7 16. Nd1 Rc8 17. Ne3 Qb4 18. c3 Qxe4 19. Bd3 Qa4 20. Nc4 Rd8 21. Nb6 Qa3
22. Nc4 Qa4 23. Rae1 Be7 24. f5 Ne5 25. fxe6 Bxe6 26. Ne3 Nxd3 27. Qxd3 Qxa2
28. Nd4 Qa5 29. Ndf5 Kd7 30. Nxe7 Kxe7 31. Nf5+ Kf8 32. Qd4 Rh5 33. Qxf6 Bxf5
34. Rxf5 Qxf5 35. Qxd8+ Kg7 36. Qxd6 Qd5 37. Qf4 Rg5 38. Re4 Rh5 39. Qg4+ Kh7
40. Qf3 Rh6 41. Qe3 Qd1+ 42. Kh2 Qd6+ 43. Kh1 Qd1+ 1/2-1/2

[Event "13sen.WMH 2003 Senioren"]
[Site "Bad Zwischenahn(17.11.-29.11.2003)"]
[Date "2003.11.29"]
[Round "6.33"]
[White "Stuerzenbaum, Arthur"]
[Black "Ziltener, Werner"]
[Result "1-0"]
[WhiteElo "2186"]
[BlackElo "1967"]
[PlyCount "52"]


1. e4 e5 2. Nf3 Nc6 3. Nc3 Nf6 4. d4 exd4 5. Nxd4 Bb4 6. Nxc6 bxc6 7. Bd3 d5 8.
exd5 cxd5 9. O-O O-O 10. Bg5 c6 11. Qf3 Bd6 12. h3 Rb8 13. Rab1 Be6 14. Ne2 c5
15. c3 Be7 16. Nf4 h6 17. Bxf6 Bxf6 18. Nxe6 fxe6 19. Qg4 Qe8 20. Rfe1 Rb6 21.
Re2 e5 22. c4 Qf7 23. cxd5 Rb4 24. Bc4 e4 25. b3 Bd4 26. Qxe4 Kh8 1-0

[Event "13sen.WMH 2003 Senioren"]
[Site "Bad Zwischenahn(17.11.-29.11.2003)"]
[Date "2003.11.29"]
[Round "6.34"]
[White "Ofstad, Per"]
[Black "Lotsov Har-Zahav, Avraham"]
[Result "0-1"]
[WhiteElo "2180"]
[BlackElo "2034"]
[PlyCount "62"]


1. Nf3 c5 2. c4 Nc6 3. g3 g6 4. Bg2 Bg7 5. Nc3 d6 6. O-O e5 7. d3 Nge7 8. Rb1
O-O 9. e3 Bf5 10. h3 h6 11. a3 a5 12. Kh2 Be6 13. e4 f5 14. Nd5 Bxd5 15. exd5
Nb8 16. Nd2 Na6 17. Qb3 Nc7 18. f4 b5 19. fxe5 Bxe5 20. Nf3 a4 21. Qc2 Bg7 22.
Bd2 g5 23. Bc3 Qd7 24. Bxg7 Kxg7 25. Rfe1 Rae8 26. Re2 f4 27. g4 Ng6 28. d4
bxc4 29. Rxe8 Rxe8 30. Qc3 Nxd5 31. Qxc4 Ne3 0-1

[Event "13sen.WMH 2003 Senioren"]
[Site "Bad Zwischenahn(17.11.-29.11.2003)"]
[Date "2003.??.??"]
[Round "6.35"]
[White "Spurga, Josef"]
[Black "Lentze, Ingo,Dr."]
[Result "0-1"]
[WhiteElo "1854"]
[BlackElo "2200"]
[PlyCount "52"]


1. e4 c5 2. Nf3 d6 3. d4 cxd4 4. Nxd4 Nf6 5. Nc3 a6 6. Be3 e5 7. Nb3 Be6 8. Bg5
Be7 9. Qd2 Nbd7 10. Be2 b5 11. Bxf6 Nxf6 12. Qe3 Qc7 13. Rd1 O-O 14. Bd3 Bd8
15. O-O Qb7 16. Nd2 Ba5 17. Ne2 Rac8 18. a3 d5 19. c3 Bb6 20. Qf3 Rfd8 21. h3
Rd7 22. Ng3 Rcd8 23. exd5 Bxd5 24. Nde4 Nxe4 25. Bxe4 Bxe4 26. Rxd7 Bxf3 0-1

[Event "13sen.WMH 2003 Senioren"]
[Site "Bad Zwischenahn(17.11.-29.11.2003)"]
[Date "2003.11.29"]
[Round "6.36"]
[White "Rudnik, Heinz"]
[Black "Jahr, Dieter,Dr."]
[Result "1-0"]
[WhiteElo "1996"]
[BlackElo "1895"]
[PlyCount "55"]


1. Nf3 d5 2. d4 e6 3. c4 Nf6 4. Nc3 Be7 5. e3 O-O 6. Bd3 dxc4 7. Bxc4 b6 8. O-O
Bb7 9. Qe2 c5 10. dxc5 Bxc5 11. e4 Nc6 12. Bg5 Be7 13. Rfd1 Nd7 14. Bf4 Qc8 15.
Rac1 Kh8 16. e5 Rd8 17. Ne4 Nc5 18. Nd6 Bxd6 19. exd6 f6 20. a3 a5 21. Ba2 e5
22. Be3 Qb8 23. Nh4 g6 24. Qg4 Kg7 25. Nf5+ Kh8 26. Nh6 Rd7 27. Bxc5 Bc8 28.
Qe6 1-0

[Event "13sen.WMH 2003 Senioren"]
[Site "Bad Zwischenahn(17.11.-29.11.2003)"]
[Date "2003.11.29"]
[Round "6.37"]
[White "Hirsch, Adolf,jr.[40AUT]"]
[Black "Hamm, Georg,Dr."]
[Result "0-1"]
[WhiteElo "2042"]
[BlackElo "2025"]
[PlyCount "66"]


1. Nf3 g6 2. d4 Bg7 3. g3 c5 4. Bg2 Nc6 5. c3 Qb6 6. dxc5 Qxc5 7. Be3 Qa5 8.
Nbd2 Nf6 9. Nb3 Qc7 10. h3 O-O 11. O-O Rd8 12. Nfd4 a6 13. a4 Ne5 14. Nd2 d5
15. a5 Ned7 16. f4 Nc5 17. c4 e5 18. fxe5 Qxe5 19. Bf2 Nce4 20. Nxe4 dxe4 21.
Nc6 Rxd1 22. Nxe5 Rxf1+ 23. Rxf1 Nh5 24. Bd4 Nxg3 25. Re1 f5 26. Kf2 Nh5 27. e3
Be6 28. Bf1 Rd8 29. b4 f4 30. b5 fxe3+ 31. Kxe3 Bh6+ 32. Kxe4 Bf5+ 33. Kf3 Rxd4
0-1

[Event "13sen.WMH 2003 Senioren"]
[Site "Bad Zwischenahn(17.11.-29.11.2003)"]
[Date "2003.11.29"]
[Round "6.38"]
[White "Ragsch, Klaus"]
[Black "Zunker, Reinhard,Dr."]
[Result "0-1"]
[WhiteElo "1873"]
[BlackElo "2132"]
[PlyCount "71"]


1. e4 d6 2. Nf3 g6 3. Nc3 Bg7 4. Bc4 c6 5. O-O e5 6. Re1 Nf6 7. Bf1 O-O 8. d3
h6 9. Ne2 Nbd7 10. Ng3 Re8 11. Nd2 Nf8 12. Nc4 b5 13. Ne3 Ne6 14. Be2 h5 15.
Bf1 Rb8 16. Ne2 d5 17. exd5 cxd5 18. c3 d4 19. Nc2 dxc3 20. bxc3 Nd5 21. Bd2
Nc5 22. Ng3 Na4 23. Nb4 Bb7 24. Nxd5 Bxd5 25. c4 Bc6 26. Rb1 a6 27. Ne4 f5 28.
cxb5 axb5 29. Nc3 Nc5 30. Be3 Ne6 31. a4 b4 32. Nb5 Bxb5 33. axb5 f4 34. Bd2
Rxb5 35. d4 Rb7 36. Qa4 0-1

[Event "13sen.WMH 2003 Senioren"]
[Site "Bad Zwischenahn(17.11.-29.11.2003)"]
[Date "2003.11.29"]
[Round "6.41"]
[White "Villing, Dieter"]
[Black "Neumann, Horst[38Koblenz]"]
[Result "1-0"]
[WhiteElo "2170"]
[BlackElo "1864"]
[PlyCount "56"]


1. e4 c6 2. d4 d5 3. e5 Bf5 4. c4 Bxb1 5. Rxb1 dxc4 6. Bxc4 e6 7. Nf3 Bb4+ 8.
Kf1 Qc7 9. Be3 Ne7 10. a3 Ba5 11. Rc1 Nd5 12. Ng5 Qe7 13. h4 Nd7 14. Rh3 O-O-O
15. b4 Bc7 16. b5 Nxe3+ 17. Rxe3 Nxe5 18. bxc6 Nxc6 19. Nxf7 Rxd4 20. Bxe6+ Kb8
21. Qb3 Bb6 22. Nxh8 Rd2 23. Rf3 Rd8 24. Nf7 Re8 25. Ng5 Nd4 26. Rf7 Nxb3 27.
Rxe7 Nd2+ 28. Ke2 Rd8 1-0

[Event "13sen.WMH 2003 Senioren"]
[Site "Bad Zwischenahn(17.11.-29.11.2003)"]
[Date "2003.11.29"]
[Round "6.43"]
[White "Hoeschele, Hans-Ulrich"]
[Black "Hellwege, Werner"]
[Result "1-0"]
[WhiteElo "2080"]
[BlackElo "1887"]
[PlyCount "141"]


1. Nf3 Nf6 2. b3 d5 3. d4 Bf5 4. Bb2 e6 5. e3 Nbd7 6. Be2 Bd6 7. Nbd2 h6 8. Ne5
c6 9. f4 Ne4 10. Nxe4 Bxe4 11. O-O O-O 12. Bf3 Nf6 13. c4 Bxf3 14. gxf3 Rc8 15.
c5 Bxe5 16. dxe5 Nd7 17. Qd4 Qh4 18. Rf2 Kh8 19. Rg2 Rg8 20. Kh1 g5 21. fxg5
Qxd4 22. exd4 Rxg5 23. Rxg5 hxg5 24. Rg1 Rg8 25. Bc1 f6 26. exf6 Nxf6 27. Bxg5
Nh5 28. Rg4 Kh7 29. Kg2 Rg6 30. Kf2 Ng7 31. Bf4 Nf5 32. Be5 Kh6 33. a4 Kh5 34.
h3 Nh6 35. Rf4 Nf5 36. Bc7 Rg7 37. Bd8 Rg8 38. Bf6 b6 39. cxb6 axb6 40. Rg4 Rc8
41. Rg5+ Kh6 42. Rg1 c5 43. dxc5 bxc5 44. Rc1 Rc6 45. a5 Kg6 46. Be5 Kf7 47.
Ra1 Ra6 48. Ke2 Ne7 49. Bc3 Nc6 50. f4 Kg6 51. Rg1+ Kh6 52. Bg7+ Kh7 53. Bc3
Ra7 54. Ra1 Kg6 55. Kf3 d4 56. Be1 e5 57. Rc1 Nxa5 58. Rxc5 e4+ 59. Kxe4 Nxb3
60. Rc6+ Kf7 61. Bb4 Rd7 62. Kd3 Rb7 63. Bd6 Ke6 64. Be5+ Kd5 65. Rd6+ Kc5 66.
Rd8 Nc1+ 67. Ke4 d3 68. Rc8+ Kb4 69. Rxc1 Rh7 70. Kxd3 Rxh3+ 71. Ke4 1-0

[Event "13sen.WMH 2003 Senioren"]
[Site "Bad Zwischenahn(17.11.-29.11.2003)"]
[Date "2003.11.29"]
[Round "6.44"]
[White "Winiwarter, Felix,Dr."]
[Black "Zotin, Vladimir"]
[Result "1-0"]
[WhiteElo "2244"]
[BlackElo "1882"]
[PlyCount "81"]


1. e4 g6 2. d4 Bg7 3. Nc3 d6 4. f4 Nf6 5. Nf3 c5 6. Be2 cxd4 7. Nxd4 Nc6 8. Be3
a6 9. O-O O-O 10. Nb3 Qc7 11. g4 e6 12. Bf3 b5 13. a3 Rd8 14. Qe2 Rb8 15. Qg2
Ne7 16. Rad1 Bb7 17. Bd4 Nc6 18. Be3 Ne7 19. g5 Nd7 20. Bd4 Nc5 21. Bxg7 Kxg7
22. Nd4 e5 23. Nde2 Ne6 24. f5 gxf5 25. exf5 Nxf5 26. Bxb7 Ne3 27. Qh3 Nxd1 28.
Qh6+ Kh8 29. Be4 f6 30. Qxf6+ Qg7 31. Rxd1 Nxg5 32. Qxg7+ Kxg7 33. Bd5 b4 34.
axb4 Rxb4 35. b3 Rg4+ 36. Kf2 Rf8+ 37. Ke3 Rh4 38. Rg1 h6 39. Rg2 Rf1 40. Ng3
Ra1 41. Nf5+ 1-0

[Event "13sen.WMH 2003 Senioren"]
[Site "Bad Zwischenahn(17.11.-29.11.2003)"]
[Date "2003.11.29"]
[Round "6.47"]
[White "Davydov, Mikhail"]
[Black "Bakalarczyk, Wlodzimierz"]
[Result "1-0"]
[WhiteElo "2010"]
[BlackElo "1905"]
[PlyCount "91"]


1. e4 c5 2. Nf3 e6 3. d4 cxd4 4. Nxd4 a6 5. Bd3 Nc6 6. Nxc6 dxc6 7. O-O e5 8.
Qf3 Be6 9. Nd2 Qc7 10. a4 Nf6 11. Nc4 Nd7 12. a5 f6 13. Be3 Be7 14. Qg3 g5 15.
Nb6 Nxb6 16. Bxb6 Qc8 17. Rad1 O-O 18. b3 Kh8 19. Qe3 Rg8 20. Bc4 Bxc4 21. bxc4
Qe6 22. Qc3 Bd8 23. Bc5 Be7 24. Bb6 Bd8 25. Be3 Bc7 26. Rb1 Rgb8 27. g3 Qg4 28.
f3 Qe6 29. Kg2 h6 30. g4 Qf7 31. Rfd1 Rd8 32. Rd3 Rxd3 33. cxd3 Rd8 34. Rxb7
Rd7 35. Bb6 Bxb6 36. Rxd7 Qxd7 37. axb6 h5 38. Qb3 Qb7 39. c5 hxg4 40. fxg4 Kg7
41. Kf3 Kf8 42. Qe6 Kg7 43. Qd6 Kg6 44. Qc7 Qa8 45. h4 gxh4 46. b7 1-0

[Event "13sen.WMH 2003 Senioren"]
[Site "Bad Zwischenahn(17.11.-29.11.2003)"]
[Date "2003.11.29"]
[Round "6.48"]
[White "Korn, Juergen-Christof"]
[Black "Hobusch, Werner"]
[Result "1-0"]
[WhiteElo "1979"]
[BlackElo "1999"]
[PlyCount "70"]


1. g3 d5 2. Nf3 g6 3. Bg2 Bg7 4. c4 Nf6 5. cxd5 Nxd5 6. O-O O-O 7. Nc3 c6 8. d4
Nd7 9. e4 Nxc3 10. bxc3 c5 11. e5 cxd4 12. cxd4 Nb6 13. Ba3 Qd7 14. Qb3 Rd8 15.
Ng5 Nd5 16. Rad1 e6 17. Ne4 a5 18. Rfe1 a4 19. Qb2 Ra5 20. Qd2 b6 21. Rb1 Rb5
22. Bf1 Rxb1 23. Rxb1 f5 24. Bb5 Qa7 25. Qg5 Rf8 26. Bxf8 Bxf8 27. Nd6 Bd7 28.
Qd8 Bxb5 29. Nxb5 Qa5 30. Qd7 Ne7 31. Qxe6+ Kg7 32. Qf6+ Kg8 33. e6 Qa8 34.
Qf7+ Kh8 35. Nc7 Qd8 1-0

[Event "13sen.WMH 2003 Senioren"]
[Site "Bad Zwischenahn(17.11.-29.11.2003)"]
[Date "2003.11.29"]
[Round "7"]
[White "Ahlberg, Guenter"]
[Black "Bleher, Walter"]
[Result "1-0"]
[WhiteElo "1932"]
[BlackElo "1935"]
[PlyCount "55"]


1. e4 c5 2. Nf3 a6 3. c3 d5 4. exd5 Qxd5 5. d4 Nf6 6. Be2 e6 7. O-O Nc6 8. Re1
Be7 9. Ne5 Nxe5 10. dxe5 Qxd1 11. Rxd1 Nd7 12. f4 O-O 13. Bf3 Rb8 14. Be3 b5
15. Nd2 Nb6 16. Nb3 Na4 17. Na5 Re8 18. Rd2 Nb6 19. Nc6 Rb7 20. Nxe7+ Rbxe7 21.
Bxc5 Nc4 22. Rd4 Rd7 23. Rxd7 Bxd7 24. Rd1 Rd8 25. Be7 Nxb2 26. Rd4 Rc8 27.
Rxd7 h6 28. Rd8+ 1-0

[Event "13sen.WMH 2003 Senioren"]
[Site "Bad Zwischenahn(17.11.-29.11.2003)"]
[Date "2003.11.29"]
[Round "7"]
[White "Assmann, Siegfried"]
[Black "Postel, Richard"]
[Result "1/2-1/2"]
[WhiteElo "1790"]
[BlackElo "1690"]
[PlyCount "74"]


1. d4 Nf6 2. e3 e6 3. Bd3 b6 4. f4 Bb7 5. Nf3 c5 6. c3 Be7 7. Qe2 O-O 8. Nbd2
d5 9. O-O Nbd7 10. Ne5 Ne4 11. Qg4 f5 12. Qh3 Rf6 13. Qf3 Rh6 14. Qe2 Ndf6 15.
Ndf3 Qe8 16. Ng5 Nd7 17. Ngf7 Rf6 18. Nxd7 Qxd7 19. Ne5 Qd8 20. Bd2 Bd6 21.
Bxe4 fxe4 22. Rf2 Bxe5 23. dxe5 Rf7 24. Kh1 a5 25. Rg1 Ba6 26. Qg4 Qd7 27. Qh4
Raf8 28. g4 Bb7 29. g5 g6 30. Qg3 Rf5 31. h4 R8f7 32. Rh2 Rg7 33. h5 Rf8 34.
hxg6 hxg6 35. Rh6 Kf7 36. Kg2 Rfg8 37. Rgh1 Qb5 1/2-1/2

[Event "13sen.WMH 2003 Senioren"]
[Site "Bad Zwischenahn(17.11.-29.11.2003)"]
[Date "2003.11.29"]
[Round "7"]
[White "Bakalarczyk, Wlodzimierz"]
[Black "Aigner, Georg"]
[Result "0-1"]
[WhiteElo "1905"]
[BlackElo "1806"]
[PlyCount "118"]


1. d4 d5 2. c4 c6 3. Nc3 Nf6 4. cxd5 cxd5 5. Bf4 Bd7 6. Qb3 Bc6 7. Nf3 Nbd7 8.
e3 a6 9. Bd3 e6 10. O-O Nh5 11. Rfe1 Be7 12. Ne5 Nxe5 13. Bxe5 Bd6 14. Be2 Nf6
15. Rad1 O-O 16. f4 Qe7 17. Bf3 Rac8 18. h3 Rfd8 19. Rc1 Ne8 20. e4 Bb4 21. f5
dxe4 22. Bg4 f6 23. Bg3 Rxd4 24. Bf2 Rd3 25. fxe6 Rcd8 26. Kh1 Nc7 27. Bb6 Rc8
28. a3 Bd6 29. Be2 Rg3 30. Bf2 Rg5 31. Be3 Re5 32. Bd4 Rg5 33. Be3 Rg6 34. Bg4
Re8 35. Bh5 f5 36. Bxg6 hxg6 37. Ne2 Bd5 38. Qb6 Nxe6 39. Nd4 Bc5 40. Qa5 b6
41. Qd2 Rd8 42. Nxe6 Bxe6 43. Bxc5 bxc5 44. Qa5 c4 45. Qxa6 Rd6 46. Qb5 Bf7 47.
a4 e3 48. Qb8+ Kh7 49. a5 Bd5 50. Rcd1 e2 51. Ra1 f4 52. Qxd6 Qxd6 53. Rxe2 f3
54. Rf2 fxg2+ 55. Rxg2 Qc6 56. Rag1 Qc7 57. Rd1 Qb7 58. Rdg1 Qxb2 59. Kh2 Qe5+
0-1

[Event "13sen.WMH 2003 Senioren"]
[Site "Bad Zwischenahn(17.11.-29.11.2003)"]
[Date "2003.11.29"]
[Round "7"]
[White "Ballon, Guenther Jan"]
[Black "Rodemann, Edmund"]
[Result "1-0"]
[WhiteElo "2156"]
[BlackElo "1801"]
[PlyCount "45"]


1. d4 f5 2. g3 Nf6 3. Bg2 g6 4. Nd2 d5 5. Nh3 Bg7 6. c3 c6 7. Nf4 O-O 8. O-O e5
9. dxe5 Ng4 10. e6 Qe7 11. Qb3 Na6 12. Nf3 Nc7 13. Nd4 Ne5 14. a4 Rb8 15. Rd1
Bxe6 16. Ndxe6 Nxe6 17. Rxd5 cxd5 18. Bxd5 Kh8 19. Nxe6 Rfe8 20. Bf4 Rbc8 21.
Nxg7 Kxg7 22. c4 Nc6 23. Qc3+ 1-0

[Event "13sen.WMH 2003 Senioren"]
[Site "Bad Zwischenahn(17.11.-29.11.2003)"]
[Date "2003.11.29"]
[Round "7"]
[White "Bardin, Christian"]
[Black "Titz, Herbert"]
[Result "0-1"]
[WhiteElo "1763"]
[BlackElo "1949"]
[PlyCount "80"]


1. e4 g6 2. c4 Bg7 3. Ne2 c5 4. d4 cxd4 5. Nxd4 Nc6 6. Be3 Nf6 7. Nc3 O-O 8.
Be2 b6 9. O-O Bb7 10. f3 Rc8 11. Rc1 d6 12. b3 Qd7 13. Qd2 Rfd8 14. Rfd1 Ne8
15. Nxc6 Bxc6 16. Nd5 Nc7 17. Bg5 Bf8 18. Qb2 Ne6 19. Be3 Bg7 20. Qd2 Bf8 21.
Bh6 Ng7 22. Qb2 Ne6 23. Bxf8 Rxf8 24. Qd2 Kg7 25. Qc3+ f6 26. Qe3 g5 27. g3 Rh8
28. f4 h5 29. e5 Rce8 30. Qc3 Ref8 31. Nxf6 exf6 32. Rxd6 Qc8 33. exf6+ Kf7 34.
Qe5 Ba8 35. fxg5 Qc5+ 36. Kf1 Qxe5 37. Rd7+ Kg6 38. Bd3+ Be4 39. Rd5 Bxd3+ 40.
Rxd3 Nxg5 0-1

[Event "13sen.WMH 2003 Senioren"]
[Site "Bad Zwischenahn(17.11.-29.11.2003)"]
[Date "2003.11.29"]
[Round "7"]
[White "Barlo, Werner"]
[Black "Olberg, Gerhard"]
[Result "1-0"]
[WhiteElo "1735"]
[BlackElo "1630"]
[PlyCount "143"]


1. e4 c5 2. Nf3 Nc6 3. d4 cxd4 4. Nxd4 Nf6 5. Nc3 e5 6. Nxc6 dxc6 7. Qxd8+ Kxd8
8. Bg5 Be6 9. O-O-O+ Kc7 10. a3 Be7 11. f3 Rhd8 12. Be2 Bc5 13. g4 h6 14. Bh4
Rxd1+ 15. Rxd1 Nd7 16. Kb1 f6 17. Bg3 g5 18. h4 b5 19. hxg5 hxg5 20. Na2 Rh8
21. Be1 Rh2 22. Bd3 a6 23. a4 Nb6 24. axb5 axb5 25. Nb4 Be3 26. b3 Nd7 27. Bc3
Kb6 28. Kb2 c5 29. Nd5+ Bxd5 30. exd5 b4 31. Be1 Bf2 32. Bxf2 Rxf2 33. Be4 Rh2
34. Bf5 Nb8 35. d6 Rh8 36. d7 Kc7 37. Rd5 Na6 38. Bd3 Nb8 39. Rxc5+ Kxd7 40.
Rb5 Nc6 41. Be4 Nd4 42. Rxb4 Rh3 43. Rb6 Ke7 44. Rb7+ Ke6 45. Rb6+ Ke7 46. Bd5
Rh2 47. Rb7+ Kd6 48. Be4 Rh3 49. Rf7 Ke6 50. Rc7 Kd6 51. Rc3 Rh8 52. Rd3 Kc7
53. Rc3+ Kd6 54. b4 Rb8 55. Rc4 Rb6 56. c3 Ne6 57. Kb3 Nc7 58. Rc5 Na6 59. Rd5+
Ke6 60. Ra5 Kd6 61. Bd3 Nc7 62. c4 Rb8 63. Be4 Kd7 64. Ra7 Kd6 65. Rb7 Rxb7 66.
Bxb7 Ne6 67. c5+ Kc7 68. Be4 Kb8 69. Kc4 Nc7 70. b5 Kc8 71. b6 Ne6 72. Bf5 1-0

[Event "13sen.WMH 2003 Senioren"]
[Site "Bad Zwischenahn(17.11.-29.11.2003)"]
[Date "2003.11.29"]
[Round "7"]
[White "Baumgartner, Walter,Dr."]
[Black "Kaner, Klim"]
[Result "1-0"]
[WhiteElo "2046"]
[BlackElo "1911"]
[PlyCount "117"]


1. d4 g6 2. c4 Bg7 3. Nf3 d6 4. Nc3 Nc6 5. g3 Bg4 6. d5 Bxf3 7. exf3 Ne5 8. f4
Nd7 9. Bg2 Ngf6 10. O-O h5 11. h3 Nb6 12. Qe2 Nfd7 13. Be3 f5 14. Nb5 a5 15.
Rad1 O-O 16. b3 Re8 17. Nd4 Nc5 18. g4 hxg4 19. hxg4 e5 20. dxe6 Bxd4 21. Bxd4
Nxe6 22. Ba1 Nxf4 23. Qb2 Ne2+ 24. Kh2 Qh4+ 25. Bh3 Re5 26. gxf5 Qf4+ 27. Kg2
Qe4+ 28. Kh2 Qf3 29. Rde1 g5 30. Qd2 Nf4 31. Re3 Rxe3 32. Qxe3 Qxh3+ 33. Qxh3
Nxh3 34. Kxh3 Kf7 35. Kg4 a4 36. Kxg5 axb3 37. axb3 Rg8+ 38. Kf4 Ra8 39. Rh1
Ra2 40. Bd4 c5 41. Be3 Nd7 42. Rh7+ Ke8 43. Kg5 Ra6 44. Bf4 Rb6 45. Rh6 Ke7 46.
Re6+ Kd8 47. Rxd6 Rxb3 48. f6 Rh3 49. f7 Rh8 50. Kg6 Ke7 51. Kg7 Rc8 52. Rxd7+
Kxd7 53. f8=Q Rxf8 54. Kxf8 Kc6 55. Ke7 b5 56. cxb5+ Kxb5 57. Be5 Kc4 58. Ke6
Kd3 59. f4 1-0